000 00569nam a2200193Ia 4500
005 20250508161752.0
008 008 250505s9999 xx 000 0 eng d
037 _aTextual
040 _aFEDL
_beng
_cFEDL
041 _aeng
_2eng
084 _a370.7, RAJ
_qFEDL
100 _aRajput J S
_9262816
245 0 _aIndividually accelerated : Science teacher education project
260 _aBhopal, India
_bRegional College of Education
_c1975
300 _a96p
700 _a Vaidya N
_9771518
942 _cTEXL
_h370.7, RAJ
999 _c1372069
_d1372069